000 00719nam a2200241#a 4500
001 01625
003 HDC
007 ta
008 230623s2010 xx 000 0 eng d
040 _aHDC
050 _aTX531
_b.G37 2010
245 0 _aGaris panduan dan senarai semak pengusaha industri makanan :
_bkebersihan makanan.
264 _aShah Alam :
_bBahagian Keselamatan dan Kualiti Makanan, Jabatan Kesihatan Negeri Selangor
_c2010.
300 _a56p. :
_b ill. ;
_c 31cm.
650 _aFood adulteration & inpection.
650 _aFood
_xSafety measure.
650 _aFood
_zMalaysia.
710 _aJabatan Kesihatan Negeri Selangor.
942 _2lcc
942 _cBK
942 _kTX531
942 _m.G37 2010
999 _c23191
_d23191